| 000 | 00489nam a22001457a 4500 | ||
|---|---|---|---|
| 020 | _a0387951466 | ||
| 040 | _cNUST | ||
| 082 |
_a519.282 _bDOU |
||
| 100 |
_aDoucet , Arnaud _9123925 |
||
| 110 |
_aFreitas ,Nando de , Gordon ,Neil _9123926 |
||
| 245 |
_aStatistics for Engineering and Information Science: _bSequential Monte Carlo Methods in Practice |
||
| 260 |
_aNew York: _bSpringer, _c2001 |
||
| 650 |
_aStatistics for Engineering and Information Science _9123927 |
||
| 942 |
_2ddc _cBK |
||
| 999 |
_c609939 _d609939 |
||